| 000 | 00320 a2200121 4500 | ||
|---|---|---|---|
| 001 | 59697 | ||
| 082 | _a621.3815 TIE | ||
| 090 |
_c36575 _d36575 |
||
| 100 | _aTietze U ; Schenk Ch | ||
| 245 | _aElectronic Circuits; Handbook for design and application (with CD), 2/e | ||
| 250 | _a2 | ||
| 260 |
_aUSA _bSpringer _c2002 |
||
| 942 |
_aNUST-CAE _k621.3815 TIE |
||
| 999 |
_c294770 _d294770 |
||